000
00217nam a2200097Ia 4500
008
230907s9999||||xx |||||||||||||| ||und||
082
_a
697.92
_b
ASH
245
0
_a
UFAD O&M guide :
300
_a
33 pages :
942
_c
BK
999
_c
601246
_d
601246